Jednomyseľné hlasovanie verzus hlasovanie kvalifikovanou väčšinou pri uplatňovaní daňovej politiky Európske únie
Jednomyseľnosť verzus kvalifikovaná väčšina prijímania rozhodnutí v oblasti daní. Bariéry jednomyseľného rozhodovania z aspektu EÚ. Alternatívy prechodu z jednomyseľného hlasovania na hlasovanie kvalifikovanou väčšinou v daňovej oblasti. Oblasti a kroky prechodu od jednomyseľného hlasovania k hlasov...
Saved in:
| Main Author: | |
|---|---|
| Format: | Book Chapter |
| Language: | Slovak |
| Subjects: | |
| Tags: |
No Tags, Be the first to tag this record!
|
MARC
| LEADER | 00000naa$a2200000$$$4500 | ||
|---|---|---|---|
| 001 | 0263954 | ||
| 005 | 20240502074204.5 | ||
| 041 | 0 | |a slo | |
| 044 | |a SK | ||
| 245 | 1 | 0 | |a Jednomyseľné hlasovanie verzus hlasovanie kvalifikovanou väčšinou pri uplatňovaní daňovej politiky Európske únie |c Anna Schultzová |
| 520 | |a Jednomyseľnosť verzus kvalifikovaná väčšina prijímania rozhodnutí v oblasti daní. Bariéry jednomyseľného rozhodovania z aspektu EÚ. Alternatívy prechodu z jednomyseľného hlasovania na hlasovanie kvalifikovanou väčšinou v daňovej oblasti. Oblasti a kroky prechodu od jednomyseľného hlasovania k hlasovaniu kvalifikovanou väčšinou v EÚ – návrh Európskej komisie. | ||
| 610 | 2 | 0 | |a politika daňová |
| 610 | 2 | 0 | |a smernice |
| 610 | 2 | 0 | |a Európska komisia |
| 610 | 2 | 0 | |a zmluvy |
| 100 | 1 | |a Schultzová, Anna | |